000 01645nam0a2200325 4500
001 RU\NLR\bibl\1845814
005 20260405113436.0
021 _aRU
_b2011-91834
_96575
035 _a(NLR Aleph) 001836247
090 _a2209109
_c2209109
100 _a20111208d2011 |||y0rusy50 ca
101 0 _arus
102 _aRU
105 _aa |||||||||
200 1 _aВводный курс физики: подготовка к централизованному тестированию и вступительным экзаменам в ВГТУ
_e[учебное пособие]
_fВ.А. Елисеев, В.М. Федоров, В.П. Чумарный [и др.]
_gФГБОУ ВПО "Воронежский гос. техн. ун-т"
210 _aВоронеж
_cВоронежский государственный технический университет
_d2011
215 _a131 с.
_cил.
_d21
320 _aБиблиогр.: с. 129-130 (12 назв.)
606 1 _aФизика
_jУчебные издания для поступающих в высшие учебные заведения
_9898198
_3RU\NLR\auth\665898
686 _aВ3я729-1
701 1 _aЕлисеев
_bВ. А.
_gВладимир Александрович
_4070
701 1 _4070
_8rus
_7ca
_aФедоров
_bВ. М.
_cканд. пед. наук
_f- 2011
_gВалерий Михайлович
_3RU\NLR\AUTH\7744139
_927081
701 1 _aЧумарный
_bВ. П.
_gВладимир Петрович
_4070
801 0 _aRU
_bNLR
_c20111208
_gRCR
801 1 _aRU
_bNLR
_c20111208
942 _cBOOK
980 _aNB
980 _aNBR